000
00192 a2200097 4500
001
126738
040
_c
Escola Canadense de Niteroi
090
_a
MP
245
1
0
_a
DominĂ³ (Cores)
942
_c
MATP
999
_c
126738
_d
126738